000
00251nam a2200097Ia 4500
001
692974
005
20250826161905.0
008
250824s9999 xx 000 0 und d
245
0
_a
ŞİİRLER/A.M.DIRANAS/EVEREST
_c
AHMET MUHİP DIRANAS
260
_b
EVEREST
999
_c
692974
_d
692974